| 000 | 00709nam a22002172 4500 | ||
|---|---|---|---|
| 001 | 0000021365 | ||
| 005 | 20151021151142.0 | ||
| 008 | 120413s xx 000 0 eng d | ||
| 020 | _a9966743510 : | ||
| 040 |
_aKABU _cKABU |
||
| 100 | 1 |
_aMasika, Agness N. _@0000182188 |
|
| 245 | 1 | 0 |
_aParticipatory community development approach : _btraining manual / _cAgnes N. Masika. |
| 250 | _a1st ed. | ||
| 260 |
_aKenya : _bOlive Marketing, _c2010. |
||
| 300 | _a96 p. | ||
| 650 | 0 |
_aCommunity development. _@0000152865 |
|
| 852 | 1 | _9600 KES | |
| 852 | 1 | _9600 KES | |
| 908 | _a120413 | ||
| 950 | _@1 | ||
| 999 |
_c1252 _d1252 |
||